Suomen urheilun Hall of Fame - Statistics

Yleistilastot
  • Tätä visaa on pelattu 400 kertaa
    222 viimeisimmän päivityksen jälkeen
  • Keskiarvotulos 27 / 82
Vastaustilastot
Laji Nimikirjaimet Urheilija % Oikein
jääkiekko TS Teemu Selänne
87%
jalkapallo JL Jari Litmanen
84%
jääkiekko JK Jari Kurri
81%
mäkihyppy MN Matti Nykänen
78%
juoksu PN Paavo Nurmi
77%
jalkapallo SH Sami Hyypiä
72%
keihäänheitto SR Seppo Räty
72%
alppihiihto TP Tanja Poutiainen-Rinne
70%
nyrkkeily OM Olli Mäki
69%
tennis JN Jarkko Nieminen
66%
juoksu LV Lasse Virén
66%
kilpa-autoilu MH Mika Häkkinen
66%
vammaisurheilu LPT Leo-Pekka Tähti
64%
hiihto M-LK Marja-Liisa Kirvesniemi
63%
uinti JS Jani Sievinen
60%
suunnistus MK Minna Kauppi
57%
kilpa-autoilu TM Timo Mäkinen
57%
kilpa-autoilu TM Tommi Mäkinen
57%
hiihto JM Juha Mieto
56%
golf MI Mikko Ilonen
54%
yhdistetty SL Samppa Lajunen
47%
salibandy MK Mika Kohonen
45%
juoksu HK Hannes Kolehmainen
44%
hiihto SR Siiri Rantanen
44%
hiihto VH Veikko Hakulinen
44%
soutu PK Pertti Karppinen
42%
moottoripyöräily JS Jarno Saarinen
41%
kilpa-autoilu JK Juha Kankkunen
41%
hiihto VS Veli Saarinen
41%
keihäänheitto TL Tiina Lillak
38%
hiihto MM Marjo Matikainen-Kallström
36%
ampumahiihto HI Heikki Ikola
35%
juoksu VR Ville Ritola
32%
jousiammunta TR Tapio Rautavaara
31%
keihäänheitto TR Tapio Rautavaara
31%
ratsastus KK Kyra Kyrklund
30%
mäkihyppy VK Veikko Kankkonen
30%
painonnosto KK Kaarlo Kangasniemi
29%
juoksu JV Juha Väätäinen
27%
juoksu PV Pekka Vasala
27%
paini PU Pertti Ukkola
27%
taitoluistelu PK Petri Kokko
25%
jousiammunta TP Tomi Poikolainen
24%
juoksu VI-H Volmari Iso-Hollo
23%
hiihto HT Helena Takalo
22%
freestylehiihto JL Janne Lahtela
22%
taitoluistelu SR Susanna Rahkamo
22%
keilailu MK Mika Koivuniemi
20%
melonta SS Sylvi Saimo
20%
pikaluistelu CT Clas Thunberg
19%
yhdistetty HH Heikki Hasu
19%
motocross HM Heikki Mikkola
18%
käsipallo MK Mikael Källman
18%
jääkiekko RS Riikka Sallinen
18%
nyrkkeily GB Gunnar Bärlund
17%
keihäänheitto MJ Matti Järvinen
17%
kiekonheitto VJ Verner Järvinen
17%
juoksu RS Riitta Salin
14%
paini KA Kalle Anttila
13%
koripallo LH Lea Hakala
13%
voimistelu HS Heikki Savolainen
12%
taitoluistelu LJ Ludovika Jakobsson
12%
ammunta PL Pentti Linnosvuo
12%
paini VW Verner Weckman
12%
taitoluistelu WJ Walter Jakobsson
12%
pesäpallo EK Eino Kaakkolahti
10%
naisvoimistelu KK Kaarina Kari
10%
squash SE Sami Elopuro
10%
vammaisurheilu TK Tanja Kari
10%
pikaluistelu KM Kaija Mustonen
9%
melonta KW Kurt Wires
9%
paini KP Kustaa Pihlajamäki
9%
suunnistus LP Liisa Peltola
9%
voimistelu PA Paavo Aaltonen
9%
mäkihyppy TL Tauno Luiro
9%
heittolajit VP Ville Pörhölä
9%
kilpa-autoilu CL Curt Lincoln
8%
naisvoimistelu EK Elin Kallio
8%
melonta YH Yrjö Hietanen
8%
voimistelu VH Veikko Huhtanen
7%
hiihto AL Aappo Luomajoki
6%
heittolajit EN Elmer Nikander
6%
Ehtoja vastaavia visoja ei löytynyt
Tulosjakauma
Jokaisen tuloksen saaneiden osuus
Persentiili vastausten määrän mukaan
Tuloshistoriasi
Et ole pelannut tätä visaa sen viimeisimmän päivityksen jälkeen